000 00677nam a22001937a 4500
003 OSt
005 20190102073542.0
008 180305b xxu||||| |||| 00| 0 spa d
040 _cPJ
100 _aGarcía de Enterría, Eduardo
_9174
245 1 3 _aLa lucha contra las inmunidades del poder en el derecho administrativo :
_b(poderes discrecionales, poderes de gobierno, poderes normativos) /
_cEduardo García de Enterría.
250 _a3a. ed.
260 _aMadrid :
_bCivitas,
_c1983.
300 _a99 p.
_c18 cm.
490 _aCuadernos Civitas
500 _aNotas y citas a pie de página.
650 0 _aDERECHO ADMINISTRATIVO
_9211
942 _2udc
_cLIB
_h342.9
_iGAR
999 _c50
_d50